[Event "ChampionshipRT"]
[Site "?"]
[Date "2015.10.02"]
[Round "1.1"]
[White "Borisov, Artur"]
[Black "Makhmutov, Rail"]
[Result "0-1"]
[LiveChessVersion "1.4.6"]
[BlackElo "2461"]
[WhiteElo "1941"]

1. e4 {[%clk 1:30:57]} c5 {[%clk 1:30:25]} 2. Nf3 {[%clk 1:31:03]} d6
{[%clk 1:30:28]} 3. Bc4 {[%clk 1:30:52]} Nc6 {[%clk 1:30:15]} 4. d4
{[%clk 1:30:09]} cxd4 {[%clk 1:29:43]} 5. Nxd4 {[%clk 1:30:33]} Nf6
{[%clk 1:29:43]} 6. Nc3 {[%clk 1:30:57]} e6 {[%clk 1:29:15]} 7. Be3
{[%clk 1:29:52]} Be7 {[%clk 1:27:13]} 8. Qe2 {[%clk 1:15:49]} d5 {[%clk 1:25:30]}
9. exd5 {[%clk 1:13:25]} exd5 {[%clk 1:25:45]} 10. Bb5 {[%clk 1:10:43]} Bd7
{[%clk 1:23:57]} 11. O-O {[%clk 1:04:57]} O-O {[%clk 1:22:37]} 12. Bd3
{[%clk 0:59:43]} Re8 {[%clk 1:18:48]} 13. Nxc6 {[%clk 0:51:18]} bxc6
{[%clk 1:18:10]} 14. Bg5 {[%clk 0:48:19]} Ba3 {[%clk 1:11:46]} 15. Bxh7+
{[%clk 0:46:15]} Kh8 {[%clk 0:54:55]} 16. Bxf6 {[%clk 0:35:46]} Qxf6
{[%clk 0:54:43]} 17. Qh5 {[%clk 0:33:59]} Qh6 {[%clk 0:54:13]} 18. Qxh6
{[%clk 0:32:30]} gxh6 {[%clk 0:54:40]} 19. bxa3 {[%clk 0:32:35]} Kxh7
{[%clk 0:55:06]} 20. Rfe1 {[%clk 0:28:39]} Bf5 {[%clk 0:54:24]} 21. Ne2
{[%clk 0:22:25]} Bxc2 {[%clk 0:52:40]} 22. Nd4 {[%clk 0:20:51]} Ba4
{[%clk 0:46:52]} 23. Rec1 {[%clk 0:19:46]} Rac8 {[%clk 0:46:24]} 24. Rc5
{[%clk 0:19:47]} Re4 {[%clk 0:45:45]} 25. Nf5 {[%clk 0:18:42]} Rce8
{[%clk 0:43:32]} 26. g3 {[%clk 0:16:45]} d4 {[%clk 0:39:04]} 27. Kg2
{[%clk 0:14:51]} d3 {[%clk 0:37:59]} 28. Rc3 {[%clk 0:11:23]} d2 {[%clk 0:38:16]}
29. Rd3 {[%clk 0:11:47]} Re1 {[%clk 0:38:36]} 30. Nd6 {[%clk 0:10:18]} Rxa1
{[%clk 0:38:14]} 0-1

[Event "ChampionshipRT"]
[Site "?"]
[Date "2015.10.02"]
[Round "1.2"]
[White "Sharafiev, Azat"]
[Black "Khusainov, Almaz"]
[Result "1-0"]
[LiveChessVersion "1.4.6"]
[BlackElo "1926"]
[WhiteElo "2419"]

1. Nf3 {[%clk 1:30:58]} g6 {[%clk 1:23:22]} 2. e4 {[%clk 1:31:22]} Bg7
{[%clk 1:23:28]} 3. d4 {[%clk 1:31:48]} d6 {[%clk 1:23:43]} 4. c4
{[%clk 1:32:12]} Nf6 {[%clk 1:24:00]} 5. Nc3 {[%clk 1:32:38]} O-O
{[%clk 1:22:05]} 6. Be2 {[%clk 1:33:05]} e5 {[%clk 1:13:43]} 7. Be3
{[%clk 1:32:50]} Nc6 {[%clk 1:13:44]} 8. d5 {[%clk 1:33:05]} Ne7 {[%clk 1:14:05]}
9. Nd2 {[%clk 1:33:25]} Nd7 {[%clk 1:08:48]} 10. O-O {[%clk 1:33:46]} f5
{[%clk 1:08:09]} 11. f3 {[%clk 1:34:10]} Nf6 {[%clk 0:59:39]} 12. c5
{[%clk 1:34:15]} dxc5 {[%clk 0:50:20]} 13. Bxc5 {[%clk 1:34:35]} Ne8
{[%clk 0:50:23]} 14. Rc1 {[%clk 1:30:24]} Nd6 {[%clk 0:43:18]} 15. Qb3
{[%clk 1:28:01]} Bh6 {[%clk 0:29:59]} 16. Rc2 {[%clk 1:28:06]} b6
{[%clk 0:27:44]} 17. Bf2 {[%clk 1:28:17]} Bd7 {[%clk 0:26:36]} 18. Nc4
{[%clk 1:26:57]} Nec8 {[%clk 0:16:35]} 19. Nxe5 {[%clk 1:26:03]} Be8
{[%clk 0:13:11]} 20. Nc6 {[%clk 1:25:21]} Qf6 {[%clk 0:07:58]} 21. e5
{[%clk 1:25:10]} 1-0

[Event "ChampionshipRT"]
[Site "?"]
[Date "2015.10.02"]
[Round "1.3"]
[White "Murtazin, Ruslan"]
[Black "Faizrakhmanov, Ramil"]
[Result "0-1"]
[LiveChessVersion "1.4.6"]
[BlackElo "2389"]
[WhiteElo "1889"]

1. e4 {[%clk 1:30:57]} c6 {[%clk 1:30:38]} 2. d4 {[%clk 1:31:13]} d5
{[%clk 1:30:55]} 3. e5 {[%clk 1:31:30]} Bf5 {[%clk 1:30:35]} 4. h4
{[%clk 1:31:40]} h6 {[%clk 1:26:29]} 5. g4 {[%clk 1:31:59]} Bd7 {[%clk 1:25:44]}
6. c4 {[%clk 1:22:57]} e6 {[%clk 1:21:50]} 7. Nc3 {[%clk 1:22:46]} c5
{[%clk 1:17:45]} 8. cxd5 {[%clk 1:12:24]} exd5 {[%clk 1:17:54]} 9. dxc5
{[%clk 1:11:35]} Bxc5 {[%clk 1:15:32]} 10. Qxd5 {[%clk 0:38:43]} Qb6
{[%clk 1:14:12]} 11. Rh2 {[%clk 0:38:34]} Ne7 {[%clk 1:12:24]} 12. Qc4
{[%clk 0:34:33]} Nbc6 {[%clk 1:08:19]} 13. Nf3 {[%clk 0:23:51]} O-O
{[%clk 1:01:27]} 14. Bd3 {[%clk 0:20:38]} Nd4 {[%clk 0:56:36]} 15. Nxd4
{[%clk 0:02:16]} Bxd4 {[%clk 0:56:52]} 16. Ne2 {[%clk 0:02:43]} Nc6
{[%clk 0:55:36]} 17. Bf4 {[%clk 0:00:33]} Rfe8 {[%clk 0:40:46]} 18. Nxd4
{[%clk 0:00:32]} Nxd4 {[%clk 0:40:09]} 19. Kf1 {[%clk 0:00:32]} Bb5
{[%clk 0:38:05]} 20. Qc3 {[%clk 0:00:38]} Rac8 {[%clk 0:38:18]} 0-1

[Event "ChampionshipRT"]
[Site "?"]
[Date "2015.10.02"]
[Round "1.4"]
[White "Murtazin, Bulat"]
[Black "Peisakhov, Imanuil"]
[Result "1-0"]
[LiveChessVersion "1.4.6"]
[BlackElo "1879"]
[WhiteElo "2384"]

1. d4 {[%clk 1:30:56]} Nf6 {[%clk 1:30:49]} 2. c4 {[%clk 1:31:20]} e6
{[%clk 1:30:38]} 3. Nf3 {[%clk 1:31:38]} d5 {[%clk 1:30:45]} 4. Nc3
{[%clk 1:32:01]} Be7 {[%clk 1:30:52]} 5. Bf4 {[%clk 1:32:21]} c6 {[%clk 1:30:30]}
6. e3 {[%clk 1:31:26]} Nbd7 {[%clk 1:22:58]} 7. c5 {[%clk 1:22:22]} Nh5
{[%clk 1:12:05]} 8. Bd3 {[%clk 1:21:35]} Nf8 {[%clk 0:55:50]} 9. O-O
{[%clk 1:17:51]} Nxf4 {[%clk 0:55:16]} 10. exf4 {[%clk 1:18:08]} Ng6
{[%clk 0:55:29]} 11. g3 {[%clk 1:18:25]} O-O {[%clk 0:54:16]} 12. h4
{[%clk 1:12:35]} f5 {[%clk 0:26:37]} 13. Re1 {[%clk 1:09:02]} e5 {[%clk 0:18:10]}
14. Nxe5 {[%clk 0:49:19]} Nxe5 {[%clk 0:17:22]} 15. fxe5 {[%clk 0:48:11]} Bxh4
{[%clk 0:13:50]} 16. gxh4 {[%clk 0:46:05]} Qxh4 17. Qf3 {[%clk 0:40:20]} f4
{[%clk 0:06:46]} 18. e6 {[%clk 0:40:25]} Rf6 {[%clk 0:06:15]} 19. Re5
{[%clk 0:38:54]} Rh6 {[%clk 0:04:45]} 20. Rae1 {[%clk 0:38:22]} Qh2+
{[%clk 0:01:46]} 21. Kf1 {[%clk 0:38:44]} Rh3 {[%clk 0:01:54]} 22. Qg4
{[%clk 0:36:52]} Rxd3 23. Rh5 {[%clk 0:36:57]} 1-0

[Event "ChampionshipRT"]
[Site "?"]
[Date "2015.10.02"]
[Round "1.5"]
[White "Gismatullin, Sayar"]
[Black "Yandemirov, Valeri"]
[Result "0-1"]
[LiveChessVersion "1.4.6"]
[BlackElo "2376"]
[WhiteElo "1852"]

1. e4 {[%clk 1:30:57]} e5 {[%clk 1:30:54]} 2. Nf3 {[%clk 1:31:22]} Nc6
{[%clk 1:31:20]} 3. Bb5 {[%clk 1:31:44]} a6 {[%clk 1:31:45]} 4. Ba4
{[%clk 1:31:54]} Nf6 {[%clk 1:32:02]} 5. O-O {[%clk 1:32:09]} b5 {[%clk 1:32:24]}
6. Bb3 {[%clk 1:32:31]} Bc5 {[%clk 1:32:49]} 7. d3 {[%clk 1:31:05]} O-O
{[%clk 1:32:31]} 8. c3 {[%clk 1:30:15]} d6 {[%clk 1:32:40]} 9. h3
{[%clk 1:29:13]} h6 {[%clk 1:32:58]} 10. Re1 {[%clk 1:29:35]} Re8
{[%clk 1:31:43]} 11. Nbd2 {[%clk 1:28:15]} Be6 {[%clk 1:27:39]} 12. Bc2
{[%clk 1:27:17]} Bb6 {[%clk 1:18:41]} 13. Nf1 {[%clk 1:23:23]} d5
{[%clk 1:18:28]} 14. Qe2 {[%clk 1:18:14]} dxe4 {[%clk 1:10:15]} 15. dxe4
{[%clk 1:18:18]} Bc4 {[%clk 1:10:35]} 16. Qd1 {[%clk 1:16:43]} Qxd1
{[%clk 1:08:44]} 17. Rxd1 {[%clk 1:16:45]} Rad8 {[%clk 1:03:05]} 18. Be3
{[%clk 1:12:18]} Bxf1 {[%clk 0:56:47]} 19. Kxf1 {[%clk 1:11:05]} Bxe3
{[%clk 0:56:53]} 20. fxe3 {[%clk 1:11:32]} Rxd1+ {[%clk 0:56:12]} 21. Rxd1
{[%clk 1:11:43]} Na5 {[%clk 0:56:31]} 22. b3 {[%clk 1:07:41]} Nb7
{[%clk 0:56:21]} 23. Ke2 {[%clk 1:05:26]} Kf8 {[%clk 0:55:49]} 24. Nd2
{[%clk 1:00:15]} Nd6 {[%clk 0:50:12]} 25. b4 {[%clk 0:58:12]} Rc8
{[%clk 0:48:30]} 26. Kf3 {[%clk 0:54:10]} c5 {[%clk 0:45:16]} 27. Nb3
{[%clk 0:50:51]} Nb7 {[%clk 0:45:40]} 28. Rd2 {[%clk 0:47:53]} Ke7
{[%clk 0:42:32]} 29. Bd1 {[%clk 0:42:36]} cxb4 {[%clk 0:31:18]} 30. cxb4
{[%clk 0:43:03]} Rc4 {[%clk 0:31:33]} 31. Rc2 {[%clk 0:42:24]} Nxe4
{[%clk 0:31:00]} 32. Rxc4 {[%clk 0:42:29]} Ng5+ {[%clk 0:31:21]} 33. Ke2
{[%clk 0:42:13]} bxc4 {[%clk 0:31:45]} 34. Nd2 {[%clk 0:41:19]} Nd6
{[%clk 0:30:20]} 35. Bc2 {[%clk 0:40:01]} Ne6 {[%clk 0:26:12]} 36. Nf3
{[%clk 0:36:29]} f6 {[%clk 0:25:39]} 37. Kd2 {[%clk 0:34:58]} Nc7
{[%clk 0:25:47]} 38. Nh4 {[%clk 0:28:23]} Nd5 {[%clk 0:23:36]} 39. a3
{[%clk 0:27:26]} Nb5 {[%clk 0:22:11]} 40. Nf5+ {[%clk 0:26:59]} Kf8
{[%clk 0:20:33]} 41. a4 {[%clk 0:24:42]} c3+ {[%clk 0:19:49]} 42. Kd3
{[%clk 0:22:49]} Nxb4+ {[%clk 0:20:04]} 43. Kc4 {[%clk 0:23:16]} Nxc2
{[%clk 0:19:58]} 44. axb5 {[%clk 0:23:44]} Na3+ {[%clk 0:18:52]} 45. Kxc3
{[%clk 0:24:05]} Nxb5+ {[%clk 0:19:10]} 46. Kb4 {[%clk 0:24:08]} g6
{[%clk 0:15:40]} 47. Ng3 {[%clk 0:22:25]} Nd6 {[%clk 0:14:16]} 48. Kc5
{[%clk 0:21:39]} Ke7 {[%clk 0:14:26]} 49. Kb6 {[%clk 0:21:36]} Nc4+
{[%clk 0:14:48]} 50. Kxa6 {[%clk 0:21:47]} Nxe3 {[%clk 0:15:12]} 0-1

[Event "ChampionshipRT"]
[Site "?"]
[Date "2015.10.02"]
[Round "1.6"]
[White "Samusenko, Maksim"]
[Black "Volkov, Sergei N"]
[Result "1-0"]
[LiveChessVersion "1.4.6"]
[BlackElo "1846"]
[WhiteElo "2334"]

1. e4 {[%clk 1:30:57]} g6 {[%clk 1:30:52]} 2. d4 {[%clk 1:31:17]} Bg7
{[%clk 1:31:17]} 3. Nc3 {[%clk 1:30:53]} d6 {[%clk 1:31:24]} 4. Be3
{[%clk 1:31:10]} Nf6 {[%clk 1:31:09]} 5. f3 {[%clk 1:31:29]} c6 {[%clk 1:28:57]}
6. Qd2 {[%clk 1:31:38]} Nbd7 {[%clk 1:28:02]} 7. Nge2 {[%clk 1:31:43]} a6
{[%clk 1:26:12]} 8. g4 {[%clk 1:29:36]} b5 {[%clk 1:26:11]} 9. g5
{[%clk 1:26:18]} Nh5 {[%clk 1:25:45]} 10. Ng3 {[%clk 1:26:22]} e5
{[%clk 1:23:20]} 11. Nxh5 {[%clk 1:25:18]} gxh5 {[%clk 1:23:34]} 12. d5
{[%clk 1:25:16]} c5 {[%clk 1:22:43]} 13. a4 {[%clk 1:21:23]} bxa4
{[%clk 1:18:49]} 14. Rxa4 {[%clk 1:18:51]} O-O {[%clk 1:16:37]} 15. Rg1
{[%clk 1:12:45]} Kh8 {[%clk 1:15:57]} 16. Ra2 {[%clk 0:59:43]} Nb6
{[%clk 1:14:47]} 17. Qf2 {[%clk 0:42:42]} f5 {[%clk 1:10:53]} 18. Qh4
{[%clk 0:43:02]} f4 {[%clk 1:10:15]} 19. Bf2 {[%clk 0:40:12]} Qe8
{[%clk 1:10:32]} 20. Bh3 {[%clk 0:40:19]} Qf7 {[%clk 0:58:05]} 21. b3
{[%clk 0:33:14]} Bd7 {[%clk 0:47:55]} 22. Ke2 {[%clk 0:28:22]} Rfb8
{[%clk 0:42:40]} 23. Bxd7 {[%clk 0:24:37]} Nxd7 {[%clk 0:42:29]} 24. Rga1
{[%clk 0:24:48]} Rb6 {[%clk 0:38:42]} 25. Na4 {[%clk 0:24:47]} Rb7
{[%clk 0:32:54]} 26. Nb2 {[%clk 0:25:01]} Rba7 {[%clk 0:32:08]} 27. Nc4
{[%clk 0:24:37]} Bf8 {[%clk 0:32:36]} 28. b4 {[%clk 0:18:58]} Rb7
{[%clk 0:27:58]} 29. bxc5 {[%clk 0:18:16]} dxc5 {[%clk 0:25:01]} 30. Rxa6
{[%clk 0:17:47]} Rab8 {[%clk 0:22:19]} 31. Qh3 {[%clk 0:15:09]} Be7
{[%clk 0:15:17]} 32. Qe6 {[%clk 0:14:42]} Kg8 {[%clk 0:15:13]} 33. h4
{[%clk 0:14:06]} Rb4 {[%clk 0:12:48]} 34. Qxf7+ {[%clk 0:14:01]} Kxf7
{[%clk 0:13:09]} 35. Kd3 {[%clk 0:14:14]} Rxc4 {[%clk 0:09:38]} 36. Kxc4
{[%clk 0:14:28]} Rb4+ {[%clk 0:10:06]} 37. Kd3 {[%clk 0:14:31]} Nb6
{[%clk 0:10:01]} 38. Rxb6 {[%clk 0:14:28]} Rxb6 {[%clk 0:10:23]} 39. Ra7
{[%clk 0:14:52]} 1-0

[Event "ChampionshipRT"]
[Site "?"]
[Date "2015.10.02"]
[Round "1.7"]
[White "Bulatov, Gali"]
[Black "Rodchenkov, Vitaly"]
[Result "0-1"]
[LiveChessVersion "1.4.6"]
[BlackElo "2327"]
[WhiteElo "1840"]

1. Nf3 {[%clk 1:30:52]} Nf6 {[%clk 1:30:47]} 2. g3 {[%clk 1:31:15]} b6
{[%clk 1:31:11]} 3. Bg2 {[%clk 1:31:36]} Bb7 {[%clk 1:31:36]} 4. O-O
{[%clk 1:31:50]} e6 {[%clk 1:32:01]} 5. d3 {[%clk 1:31:57]} c5 {[%clk 1:32:07]}
6. e4 {[%clk 1:31:02]} d6 {[%clk 1:32:28]} 7. Re1 {[%clk 1:29:05]} Be7
{[%clk 1:32:49]} 8. c3 {[%clk 1:26:34]} O-O {[%clk 1:33:08]} 9. Nbd2
{[%clk 1:24:51]} Nc6 {[%clk 1:31:19]} 10. Nf1 {[%clk 1:23:09]} Rc8
{[%clk 1:31:31]} 11. a3 {[%clk 1:17:51]} b5 {[%clk 1:30:34]} 12. b4
{[%clk 1:17:23]} a6 {[%clk 1:26:51]} 13. Bg5 {[%clk 1:06:35]} h6 {[%clk 1:26:56]}
14. Bd2 {[%clk 1:06:49]} Re8 {[%clk 1:26:59]} 15. a4 {[%clk 0:58:26]} cxb4
{[%clk 1:26:03]} 16. cxb4 {[%clk 0:57:26]} Nd7 {[%clk 1:21:50]} 17. Bc3
{[%clk 0:50:36]} Nce5 {[%clk 1:19:09]} 18. Qd2 {[%clk 0:48:38]} Bf6
{[%clk 1:18:44]} 19. Nxe5 {[%clk 0:42:25]} Nxe5 {[%clk 1:18:20]} 20. Bb2
{[%clk 0:42:19]} Qb6 {[%clk 1:17:59]} 21. Ne3 {[%clk 0:41:40]} bxa4
{[%clk 1:14:40]} 22. Rxa4 {[%clk 0:39:15]} Qb5 {[%clk 0:57:28]} 23. Ra3
{[%clk 0:38:21]} Nxd3 {[%clk 0:54:09]} 24. Bf1 {[%clk 0:30:33]} Nxe1
{[%clk 0:53:46]} 25. Ng4 {[%clk 0:20:40]} Bxb2 {[%clk 0:52:15]} 26. Bxb5
{[%clk 0:13:44]} Bxa3 {[%clk 0:52:20]} 27. Be2 {[%clk 0:13:21]} Rc1
{[%clk 0:51:42]} 0-1

[Event "ChampionshipRT"]
[Site "?"]
[Date "2015.10.02"]
[Round "1.8"]
[White "Samusenko, Aleksandr V"]
[Black "Faizrakhmanov, Ildar"]
[Result "1/2-1/2"]
[LiveChessVersion "1.4.6"]
[BlackElo "1808"]
[WhiteElo "2325"]

1. Nf3 {[%clk 1:30:40]} d5 {[%clk 1:30:49]} 2. d4 {[%clk 1:30:57]} Nf6
{[%clk 1:30:58]} 3. c4 {[%clk 1:31:08]} e6 {[%clk 1:31:07]} 4. g3
{[%clk 1:31:01]} Bb4+ {[%clk 1:30:36]} 5. Bd2 {[%clk 1:31:05]} Be7
{[%clk 1:30:59]} 6. Bg2 {[%clk 1:30:56]} O-O {[%clk 1:31:07]} 7. O-O
{[%clk 1:30:22]} Nbd7 {[%clk 1:28:48]} 8. Qc2 {[%clk 1:28:26]} c5
{[%clk 1:28:02]} 9. cxd5 {[%clk 1:23:15]} exd5 {[%clk 1:28:19]} 10. Nc3
{[%clk 1:20:38]} b6 {[%clk 1:19:33]} 11. Bf4 {[%clk 1:10:24]} Bb7
{[%clk 1:14:42]} 12. Rad1 {[%clk 1:04:23]} Rc8 {[%clk 1:08:46]} 13. dxc5
{[%clk 0:52:58]} bxc5 {[%clk 1:02:11]} 14. Nh4 {[%clk 0:47:57]} Nh5
{[%clk 0:35:19]} 15. Nf5 {[%clk 0:42:53]} Nxf4 {[%clk 0:30:00]} 16. gxf4
{[%clk 0:42:44]} Nb6 {[%clk 0:26:45]} 17. Nxd5 {[%clk 0:42:40]} Bxd5
{[%clk 0:25:21]} 18. Bxd5 {[%clk 0:42:51]} Qc7 {[%clk 0:23:47]} 19. Nxe7+
{[%clk 0:39:55]} Qxe7 {[%clk 0:24:10]} 20. Bg2 {[%clk 0:40:05]} Qe6
{[%clk 0:23:29]} 21. a3 {[%clk 0:37:22]} Rfe8 {[%clk 0:21:48]} 22. e3
{[%clk 0:37:25]} c4 {[%clk 0:21:48]} 23. Rd4 {[%clk 0:36:46]} Qf6
{[%clk 0:18:17]} 24. Rfd1 {[%clk 0:35:40]} Rc5 {[%clk 0:16:00]} 25. Rd6
{[%clk 0:31:09]} Qe7 {[%clk 0:11:46]} 26. R1d4 {[%clk 0:26:31]} g6
{[%clk 0:10:51]} 27. Qc3 {[%clk 0:23:07]} Rb8 {[%clk 0:09:36]} 28. Bc6
{[%clk 0:15:29]} Qc7 {[%clk 0:09:22]} 29. Bd7 {[%clk 0:11:21]} Rd8
{[%clk 0:09:13]} 30. Qb4 {[%clk 0:09:55]} Nc8 {[%clk 0:06:24]} 31. Ra6
{[%clk 0:08:06]} Nb6 {[%clk 0:02:27]} 32. Rxa7 {[%clk 0:08:03]} Qxa7
{[%clk 0:02:17]} 33. Qxc5 {[%clk 0:08:31]} Rxd7 {[%clk 0:02:15]} 34. Rxd7
{[%clk 0:08:47]} Qxd7 {[%clk 0:02:40]} 1/2-1/2

[Event "ChampionshipRT"]
[Site "?"]
[Date "2015.10.02"]
[Round "1.9"]
[White "Tukaeva, Adelya"]
[Black "Khazieva, Elza"]
[Result "0-1"]
[LiveChessVersion "1.4.6"]
[BlackElo "2130"]
[WhiteElo "1797"]

1. e4 {[%clk 1:30:57]} c5 {[%clk 1:26:53]} 2. Nf3 {[%clk 1:31:16]} e6
{[%clk 1:27:19]} 3. c3 {[%clk 1:24:53]} d5 {[%clk 1:25:45]} 4. exd5
{[%clk 1:25:14]} Qxd5 {[%clk 1:26:11]} 5. d4 {[%clk 1:24:48]} Nf6
{[%clk 1:26:21]} 6. Be2 {[%clk 1:24:32]} Be7 {[%clk 1:25:39]} 7. O-O
{[%clk 1:19:02]} cxd4 {[%clk 1:25:54]} 8. cxd4 {[%clk 1:15:31]} Nc6
{[%clk 1:26:07]} 9. Nc3 {[%clk 1:13:14]} Qd6 {[%clk 1:26:23]} 10. Bg5
{[%clk 1:06:02]} O-O {[%clk 1:25:28]} 11. Qd2 {[%clk 0:57:56]} a6
{[%clk 1:19:54]} 12. Rfd1 {[%clk 0:45:44]} Nd5 {[%clk 1:04:53]} 13. Nxd5
{[%clk 0:39:01]} exd5 {[%clk 1:00:45]} 14. Bf4 {[%clk 0:34:45]} Qf6
{[%clk 0:50:01]} 15. Bd3 {[%clk 0:20:34]} Bg4 {[%clk 0:40:30]} 16. Bg5
{[%clk 0:04:57]} Qd6 {[%clk 0:37:37]} 17. Bf4 {[%clk 0:03:41]} Qd8
{[%clk 0:36:01]} 18. Be2 {[%clk 0:03:52]} Bf6 {[%clk 0:28:30]} 19. Ne5
{[%clk 0:02:40]} Bxe2 {[%clk 0:28:13]} 20. Nxc6 {[%clk 0:02:29]} bxc6
{[%clk 0:28:34]} 21. Qxe2 {[%clk 0:02:53]} Qb6 {[%clk 0:28:25]} 22. Be3
{[%clk 0:01:15]} Rfe8 {[%clk 0:27:13]} 23. Qc2 {[%clk 0:01:29]} Re4
{[%clk 0:24:37]} 24. Qc3 {[%clk 0:01:52]} Be7 {[%clk 0:17:27]} 25. Rac1
{[%clk 0:01:43]} Rc8 {[%clk 0:15:35]} 26. a3 {[%clk 0:01:19]} Bd6
{[%clk 0:15:17]} 27. b4 {[%clk 0:01:18]} Qc7 {[%clk 0:14:30]} 28. g3
{[%clk 0:01:30]} f5 {[%clk 0:10:41]} 29. f4 {[%clk 0:00:36]} Qe7 {[%clk 0:09:09]}
30. Rd3 {[%clk 0:00:56]} h6 {[%clk 0:06:28]} 31. Qd2 {[%clk 0:00:46]} Qf6
{[%clk 0:04:11]} 32. Rdc3 {[%clk 0:00:48]} Bb8 {[%clk 0:04:40]} 33. a4
{[%clk 0:00:53]} Ba7 {[%clk 0:04:50]} 34. b5 {[%clk 0:00:40]} axb5
{[%clk 0:04:33]} 35. axb5 {[%clk 0:01:06]} Rxe3 {[%clk 0:03:12]} 36. Rxe3
{[%clk 0:01:13]} Qxd4 {[%clk 0:03:15]} 37. Qxd4 {[%clk 0:01:05]} Bxd4
{[%clk 0:03:42]} 38. Kf2 {[%clk 0:01:27]} Re8 {[%clk 0:03:48]} 0-1

[Event "ChampionshipRT"]
[Site "?"]
[Date "2015.10.02"]
[Round "1.10"]
[White "Markelova, Lubov"]
[Black "Danilova, Rada"]
[Result "1-0"]
[LiveChessVersion "1.4.6"]
[BlackElo "1720"]
[WhiteElo "2090"]

1. Nf3 {[%clk 1:30:57]} Nf6 {[%clk 1:30:51]} 2. c4 {[%clk 1:31:19]} g6
{[%clk 1:30:31]} 3. Nc3 {[%clk 1:31:19]} Bg7 {[%clk 1:30:35]} 4. e4
{[%clk 1:31:35]} d6 {[%clk 1:29:36]} 5. d4 {[%clk 1:31:59]} O-O {[%clk 1:29:11]}
6. Be2 {[%clk 1:31:23]} e5 {[%clk 1:19:50]} 7. O-O {[%clk 1:29:54]} Nc6
{[%clk 1:20:00]} 8. d5 {[%clk 1:30:16]} Ne7 {[%clk 1:19:30]} 9. Nd2
{[%clk 1:30:12]} Nd7 {[%clk 1:15:52]} 10. b4 {[%clk 1:30:27]} f5 {[%clk 1:14:42]}
11. c5 {[%clk 1:30:14]} Nf6 {[%clk 0:53:05]} 12. f3 {[%clk 1:29:47]} c6
{[%clk 0:28:28]} 13. Nc4 {[%clk 1:17:44]} cxd5 {[%clk 0:20:19]} 14. Nxd6
{[%clk 1:16:03]} Be6 {[%clk 0:15:13]} 15. exd5 {[%clk 1:11:50]} Nfxd5
{[%clk 0:13:09]} 16. Nxd5 {[%clk 1:05:42]} Bxd5 {[%clk 0:10:56]} 17. Bg5
{[%clk 1:02:49]} Bf6 {[%clk 0:09:07]} 18. Bh6 {[%clk 0:58:08]} Bg7
{[%clk 0:08:24]} 19. Bxg7 {[%clk 0:58:33]} Kxg7 {[%clk 0:08:49]} 20. Qe1
{[%clk 0:58:25]} Nc6 {[%clk 0:06:06]} 21. Rd1 {[%clk 0:57:47]} Nd4
{[%clk 0:06:08]} 22. Bc4 {[%clk 0:55:55]} Bxc4 {[%clk 0:04:26]} 23. Qxe5+
{[%clk 0:55:20]} Qf6 {[%clk 0:04:06]} 24. Qxf6+ {[%clk 0:54:07]} Kxf6
{[%clk 0:04:09]} 25. Nxc4 {[%clk 0:54:31]} Rad8 {[%clk 0:03:39]} 26. Nd6
{[%clk 0:41:04]} Ne2+ {[%clk 0:03:40]} 27. Kf2 {[%clk 0:40:36]} Nc3
{[%clk 0:04:06]} 28. Rd2 {[%clk 0:38:27]} Nb5 {[%clk 0:03:14]} 29. Rfd1
{[%clk 0:38:00]} Nc3 {[%clk 0:02:35]} 30. Re1 {[%clk 0:31:12]} Nb5
{[%clk 0:02:52]} 31. Rde2 {[%clk 0:31:10]} Nd4 {[%clk 0:02:24]} 32. Re7
{[%clk 0:30:17]} b6 {[%clk 0:01:51]} 33. h4 {[%clk 0:28:43]} g5 {[%clk 0:00:56]}
34. h5 {[%clk 0:26:10]} g4 {[%clk 0:00:39]} 35. f4 {[%clk 0:25:45]} Nc6
{[%clk 0:00:40]} 36. R1e6# {[%clk 0:26:03]} 1-0

[Event "ChampionshipRT"]
[Site "?"]
[Date "2015.10.03"]
[Round "2.1"]
[White "Makhmutov, Rail"]
[Black "Murzin, Lenar"]
[Result "1/2-1/2"]
[LiveChessVersion "1.4.6"]
[BlackElo "2102"]
[WhiteElo "2461"]

1. d4 {[%clk 1:30:56]} Nf6 {[%clk 1:30:40]} 2. c4 {[%clk 1:30:23]} e6
{[%clk 1:30:56]} 3. g3 {[%clk 1:30:47]} d5 {[%clk 1:31:17]} 4. Bg2
{[%clk 1:31:08]} Be7 {[%clk 1:31:27]} 5. Nf3 {[%clk 1:31:32]} O-O
{[%clk 1:31:45]} 6. O-O {[%clk 1:31:35]} dxc4 {[%clk 1:32:08]} 7. Qc2
{[%clk 1:31:40]} a6 {[%clk 1:32:28]} 8. Qxc4 {[%clk 1:31:57]} b5 {[%clk 1:32:47]}
9. Qc2 {[%clk 1:32:22]} Bb7 {[%clk 1:33:05]} 10. Bd2 {[%clk 1:32:45]} Be4
{[%clk 1:33:18]} 11. Qc1 {[%clk 1:33:12]} Bb7 {[%clk 1:33:27]} 12. Bf4
{[%clk 1:33:30]} Nd5 {[%clk 1:33:44]} 13. Nc3 {[%clk 1:33:20]} Nxf4
{[%clk 1:33:55]} 14. Qxf4 {[%clk 1:33:42]} Nd7 {[%clk 1:33:59]} 15. Rfd1
{[%clk 1:29:45]} Bd6 {[%clk 1:34:06]} 16. Qe3 {[%clk 1:29:47]} Nb6
{[%clk 1:34:08]} 17. Ne1 {[%clk 1:27:43]} Bxg2 {[%clk 1:34:05]} 18. Kxg2
{[%clk 1:28:05]} Qe7 {[%clk 1:24:23]} 19. Nd3 {[%clk 1:28:18]} Nc4
{[%clk 1:22:41]} 20. Qf3 {[%clk 1:20:14]} c5 {[%clk 1:22:12]} 21. dxc5
{[%clk 1:13:46]} Bxc5 {[%clk 1:22:32]} 22. b3 {[%clk 1:07:30]} Nb6
{[%clk 1:20:12]} 23. Nxc5 {[%clk 0:57:47]} Qxc5 {[%clk 1:20:31]} 24. Rac1
{[%clk 0:58:08]} Qe7 {[%clk 1:15:49]} 25. Qc6 {[%clk 0:55:34]} Rab8
{[%clk 1:15:00]} 26. Ne4 {[%clk 0:54:26]} h6 {[%clk 1:04:56]} 27. Qc5
{[%clk 0:42:47]} Qb7 {[%clk 1:03:08]} 28. f3 {[%clk 0:39:44]} Rfc8
{[%clk 0:57:57]} 29. Qd4 {[%clk 0:36:24]} Rd8 {[%clk 0:48:10]} 30. Qxd8+
{[%clk 0:28:37]} Rxd8 {[%clk 0:48:26]} 31. Rxd8+ {[%clk 0:29:05]} Kh7
{[%clk 0:48:43]} 32. Rd2 {[%clk 0:28:13]} Nd5 1/2-1/2